00636nam a2200181 a 450000100100000000500170001000800410002710000370006824501120010526000380021730000210025549000250027650000210030150000730032270000210039583000250041604000130044100002765820200930031009.0110404s1968 es 000 0 spa d1 aBerceo, Gonzalo ded1198?-1264?]10aVida de Santo Domingo de Silos /cGonzalo de Berceo ; edición, introducción y notas de Germán Orduna. aMadrid :bEdiciones Anaya,c1968. a205 p. ;c18 cm.1 aBiblioteca anayav86 aIncluye índice aIncluye referencias bibliográficas y notas al pie de las páginas1 aOrduna, Germán10aBiblioteca anayan86 aDO-SdBNP